000
00456nam a2200157Ia 4500
008
090124s9999 xx 000 0 und d
082
_b
33491
245
_a
ओशो विचारमंथन
250
_a
1
260
_b
कुंटे माधवी
_c
2006
300
_a
224
630
_a
ओशो विचारमंथन
700
_a
भोसले राजन.
730
_a
ओशो विचारमंथन
942
_c
BOOK
999
_c
181014
_d
181014